<?xml version="1.0" encoding="UTF-8"?>
<record
    xmlns:xsi="http://www.w3.org/2001/XMLSchema-instance"
    xsi:schemaLocation="http://www.loc.gov/MARC21/slim http://www.loc.gov/standards/marcxml/schema/MARC21slim.xsd"
    xmlns="http://www.loc.gov/MARC21/slim">

  <leader>01553nam a2200313 a 4500</leader>
  <controlfield tag="001">1138259</controlfield>
  <controlfield tag="003">OSt</controlfield>
  <controlfield tag="005">20230313184848.0</controlfield>
  <controlfield tag="008">050817s2007    ck     gr     0001f spa d</controlfield>
  <datafield tag="015" ind1=" " ind2=" ">
    <subfield code="a">ck-2007-xxxx</subfield>
  </datafield>
  <datafield tag="020" ind1=" " ind2=" ">
    <subfield code="a">9789587045796</subfield>
  </datafield>
  <datafield tag="040" ind1=" " ind2=" ">
    <subfield code="c">CO-MqBPB</subfield>
  </datafield>
  <datafield tag="041" ind1="1" ind2=" ">
    <subfield code="a">spa </subfield>
    <subfield code="h">eng</subfield>
  </datafield>
  <datafield tag="043" ind1=" " ind2=" ">
    <subfield code="a">n-us---</subfield>
  </datafield>
  <datafield tag="082" ind1="0" ind2="4">
    <subfield code="a">JN</subfield>
    <subfield code="b">MEYl</subfield>
  </datafield>
  <datafield tag="100" ind1="1" ind2=" ">
    <subfield code="a">Meyer, Stephenie, </subfield>
    <subfield code="d">1973-</subfield>
  </datafield>
  <datafield tag="245" ind1="1" ind2="0">
    <subfield code="a">Luna nueva / </subfield>
    <subfield code="c">Stephenie Meyer ; traducci&#xF3;n de Jos&#xE9; Miguel Pallar&#xE9;s.</subfield>
  </datafield>
  <datafield tag="260" ind1="3" ind2=" ">
    <subfield code="a">Bogot&#xE1; : </subfield>
    <subfield code="b">Alfaguara, </subfield>
    <subfield code="c">2007.</subfield>
  </datafield>
  <datafield tag="300" ind1=" " ind2=" ">
    <subfield code="a">574 paginas; </subfield>
    <subfield code="c">22 cm.</subfield>
    <subfield code="b">Tapa R&#xFA;stica</subfield>
  </datafield>
  <datafield tag="490" ind1=" " ind2=" ">
    <subfield code="a">Saga Crep&#xFA;sculo III</subfield>
  </datafield>
  <datafield tag="500" ind1=" " ind2=" ">
    <subfield code="a">Cuando el papel me cort&#xF3; el dedo, solo sali&#xF3; una gota de sangre del peque&#xF1;o rasgu&#xF1;o. Entonces, todo pas&#xF3; muy r&#xE1;pido. "&#xA1;No!", rugi&#xF3; Edward. Aturdida y desorientada, mir&#xE9; a los ojos enfurecidos de seis vampiros repentinamente hambrientos.
Para Bella Swan hay una cosa m&#xE1;s importante que su propia vida: Edward Cullen. Pero enamorarse de un vampiro es m&#xE1;s peligroso de lo que Bella podr&#xED;a haber imaginado. Edward ya ha rescatado a Bella de las garras de un diab&#xF3;lico vampiro, pero ahora, a medida que su arriesgada relaci&#xF3;n amenaza todo lo que es cercano y querido para ellos, se dan cuenta de que quiz&#xE1;s sus problemas no hayan hecho nada m&#xE1;s que empezar...</subfield>
  </datafield>
  <datafield tag="534" ind1=" " ind2=" ">
    <subfield code="p">T&#xCD;tulo original : </subfield>
    <subfield code="t">New moon.</subfield>
  </datafield>
  <datafield tag="650" ind1=" " ind2=" ">
    <subfield code="a">Vampiros</subfield>
    <subfield code="v"> Novela.</subfield>
  </datafield>
  <datafield tag="650" ind1=" " ind2=" ">
    <subfield code="a">Estudiantes</subfield>
    <subfield code="v"> Novela.</subfield>
  </datafield>
  <datafield tag="650" ind1=" " ind2=" ">
    <subfield code="a">Novela estadounidense.</subfield>
  </datafield>
  <datafield tag="700" ind1="1" ind2="2">
    <subfield code="a">Pallares, Jos&#xFFFD; Miguel, </subfield>
    <subfield code="e">tradicido</subfield>
  </datafield>
  <datafield tag="942" ind1=" " ind2=" ">
    <subfield code="2">ddc</subfield>
    <subfield code="c">BKLIT</subfield>
  </datafield>
  <datafield tag="949" ind1=" " ind2=" ">
    <subfield code="a">n      </subfield>
    <subfield code="b">c</subfield>
  </datafield>
  <datafield tag="999" ind1=" " ind2=" ">
    <subfield code="c">14820</subfield>
    <subfield code="d">14820</subfield>
  </datafield>
  <datafield tag="952" ind1=" " ind2=" ">
    <subfield code="0">0</subfield>
    <subfield code="1">0</subfield>
    <subfield code="2">ddc</subfield>
    <subfield code="4">0</subfield>
    <subfield code="7">0</subfield>
    <subfield code="8">LJ</subfield>
    <subfield code="a">BPMOS</subfield>
    <subfield code="b">BPMOS</subfield>
    <subfield code="c">FIC</subfield>
    <subfield code="d">2023-03-10</subfield>
    <subfield code="e">Donaci&#xF3;n</subfield>
    <subfield code="l">19</subfield>
    <subfield code="m">12</subfield>
    <subfield code="o">JN MEYl</subfield>
    <subfield code="p">MOS503036</subfield>
    <subfield code="r">2026-04-15</subfield>
    <subfield code="s">2026-03-13</subfield>
    <subfield code="t">Ej. 1</subfield>
    <subfield code="w">2023-03-10</subfield>
    <subfield code="y">BKLIT</subfield>
    <subfield code="z">Quince d&#xED;as</subfield>
  </datafield>
</record>
